Top 20 most populous cities (US) 100 years ago - Statistics

General Stats
  • This quiz has been taken 35 times
  • The average score is 17 of 20
Answer Stats
Pop. City Current % Correct
748,060 Boston 654,776
100%
2,701,705 Chicago 2,665,039
100%
576,673 Los Angeles 3,819,538
100%
5,620,048 New York 8,258,035
100%
1,823,779 Philadelphia 1,567,258
100%
796,841 Cleveland 362,656
97%
993,078 Detroit 633,218
97%
506,676 San Francisco 808,437
90%
772,897 St Louis 293,310
90%
437,571 Washington 678,972
90%
733,826 Baltimore 576,498
87%
588,343 Pittsburgh 302,971
87%
506,775 Buffalo 278,349
83%
401,247 Cincinnati 311,097
83%
315,312 Seattle 755,078
83%
387,219 New Orleans 383,997
80%
457,147 Milwaukee 575,722
77%
380,582 Minneapolis 425,096
77%
324,410 Kansas City 508,090
70%
414,524 Newark 304,960
50%
No matching quizzes found
Score Distribution
Percent of People with Each Score
Percentile by Number Answered
Your Score History
You have not taken this quiz